[Event "Heraklion Gazi op 13th"]
[Site "Heraklion"]
[Date "2017.08.03"]
[Round "7"]
[White "Grapsa, Georgia"]
[Black "Mantzakouras, Loukas"]
[Result "1-0"]
[WhiteElo "2071"]
[BlackElo "1949"]
[PlyCount "61"]
[EventDate "2017.07.28"]
[EventType "swiss"]
[EventRounds "9"]
[EventCountry "GRE"]
[SourceTitle "CBM 179 Extra"]
[Source "ChessBase"]
[SourceDate "2017.08.23"]
[SourceVersion "1"]
[SourceVersionDate "2017.08.23"]
[SourceQuality "1"]

1. d4 Nf6 2. Nf3 e6 3. g3 b6 4. Bg2 Bb7 5. 0-0 d5 6. c4 Nbd7 7. cxd5 exd5 8. Nc3 Be7 9. Bf4 a6 10. Rc1 Rc8 11. Ne5 c5 12. dxc5 Nxc5 13. b4 Ne6 14. Qa4+ Kf8 15. Rfd1 g5 16. Be3 Qd6 17. Nxd5 Rxc1 18. Bxc1 Nxd5 19. Bb2 f6 20. Ng4 Nec7 21. e4 Qxb4 22. Qc2 Ne8 23. a3 Qc5 24. Qxc5 Bxc5 25. exd5 Ke7 26. d6+ Bxd6 27. Bxb7 a5 28. Nxf6 Nxf6 29. Bxf6+ Kxf6 30. Rxd6+ Ke5 31. Rxb6 1-0

[Event "Heraklion Gazi op 13th"]
[Site "Heraklion"]
[Date "2017.07.29"]
[Round "2"]
[White "Mantzakouras, Loukas"]
[Black "Zinchenko, Yaroslav"]
[Result "0-1"]
[WhiteElo "1949"]
[BlackElo "2547"]
[PlyCount "114"]
[EventDate "2017.07.28"]
[EventType "swiss"]
[EventRounds "9"]
[EventCountry "GRE"]
[SourceTitle "CBM 179 Extra"]
[Source "ChessBase"]
[SourceDate "2017.08.23"]
[SourceVersion "1"]
[SourceVersionDate "2017.08.23"]
[SourceQuality "1"]

1. e4 g6 2. d4 Bg7 3. c3 d6 4. Bd3 e5 5. Nf3 Nc6 6. dxe5 dxe5 7. 0-0 Nf6 8. Qe2 0-0 9. Bg5 h6 10. Bh4 g5 11. Bg3 Nh5 12. Rd1 Nf4 13. Bxf4 exf4 14. h3 Qf6 15. Nbd2 Re8 16. Nh2 Ne5 17. Ng4 Bxg4 18. hxg4 Qe6 19. f3 Qb6+ 20. Kf1 Qxb2 21. Nb3 Nxd3 22. Rxd3 Bxc3 23. Rc1 Qxe2+ 24. Kxe2 Be5 25. Na5 b6 26. Nc6 Bd6 27. Rd5 Re6 28. Nd4 Re5 29. Rxe5 Bxe5 30. Nf5 Rd8 31. Rc6 Kf8 32. Nxh6 Rd6 33. Rxd6 Bxd6 34. Kd3 Be5 35. Kc4 c6 36. Nf5 Ke8 37. a4 Kd7 38. Kb4 a6 39. Nh6 Ke6 40. Nf5 b5 41. axb5 axb5 42. Kc5 Kd7 43. Nh6 Bd6+ 44. Kd4 Ke6 45. Nf5 c5+ 46. Kc3 Bf8 47. Kb3 Ke5 48. Kc3 c4 49. Kc2 b4 50. Kb2 Bc5 51. Ka2 b3+ 52. Kb2 Bd4+ 53. Ka3 Bc3 54. g3 Bb4+ 55. Kb2 fxg3 56. Ne3 Kf4 57. Nxc4 g2 0-1

[Event "Thessaloniki Triandria op 10th"]
[Site "Thessaloniki"]
[Date "2017.04.22"]
[Round "8"]
[White "Giannoulakis, Labros"]
[Black "Mantzakouras, Loukas"]
[Result "1/2-1/2"]
[WhiteElo "2335"]
[BlackElo "1899"]
[PlyCount "200"]
[EventDate "2017.04.17"]
[EventType "swiss"]
[EventRounds "9"]
[EventCountry "GRE"]
[SourceTitle "CBM 178 Extra"]
[Source "ChessBase"]
[SourceDate "2017.06.22"]
[SourceVersion "1"]
[SourceVersionDate "2017.06.22"]
[SourceQuality "1"]

1. d4 Nf6 2. c4 e6 3. Nc3 Bb4 4. e3 d5 5. Bd3 c5 6. Nf3 0-0 7. 0-0 cxd4 8. exd4 dxc4 9. Bxc4 b6 10. Qe2 Bb7 11. Bg5 Be7 12. Rad1 Nc6 13. d5 Nxd5 14. Nxd5 Bxg5 15. Nxb6 Qxb6 16. Nxg5 Ne7 17. Qd3 Ng6 18. Qd6 Rfd8 19. Qxb6 axb6 20. Nf3 Bxf3 21. gxf3 Nf4 22. Rfe1 Kf8 23. h4 Ke7 24. Rxd8 Rxd8 25. Re4 Nd5 26. Bxd5 Rxd5 27. Rb4 b5 28. Kf1 Kd6 29. a4 bxa4 30. Rxa4 Rb5 31. Ra7 Rxb2 32. Rxf7 Rb4 33. f4 g6 34. Kg2 e5 35. fxe5+ Kxe5 36. Rxh7 Kf5 37. Kg3 Rg4+ 38. Kh3 Rf4 39. Kg3 Rg4+ 40. Kh3 Rf4 41. Ra7 Kf6 42. Kg3 Rc4 43. Ra6+ Kg7 44. f3 Rd4 45. Re6 Rd5 46. Kg4 Rf5 47. f4 Rc5 48. Re5 Rc1 49. h5 Rg1+ 50. Kf3 gxh5 51. Rxh5 Kf6 52. Rh6+ Kf5 53. Rh5+ Kf6 54. Ra5 Rb1 55. Ra6+ Kf5 56. Ra5+ Kf6 57. Ra8 Rb7 58. Rf8+ Rf7 59. Rb8 Rc7 60. Rf8+ Rf7 61. Rg8 Rg7 62. Rc8 Re7 63. Rc6+ Kf5 64. Rc5+ Kf6 65. Ra5 Rc7 66. Re5 Re7 67. Ra5 Rc7 68. Rb5 Rd7 69. Kg4 Rg7+ 70. Kf3 Rc7 71. Rb8 Rd7 72. Rh8 Re7 73. Rh6+ Kf5 74. Rh5+ Kf6 75. Rg5 Rg7 76. Ra5 Re7 77. Ra1 Kf5 78. Rg1 Kf6 79. Rh1 Rg7 80. Rh6+ Kf5 81. Rh8 Kf6 82. Rh5 Rc7 83. Kg4 Rg7+ 84. Kh4 Rg1 85. Ra5 Rg2 86. Re5 Rg1 87. Rc5 Rg2 88. Rd5 Rg1 89. Re5 Rg2 90. Kh3 Rg1 91. Kh4 Rg2 92. Re8 Kf7 93. Ra8 Rg1 94. Kh5 Rg2 95. Ra5 Kf6 96. Ra8 Kf7 97. Kh6 Rg1 98. Ra6 Rg2 99. Ra5 Kf6 100. Rg5 Rh2+ 1/2-1/2

[Event "Thessaloniki Vardaris op 3rd"]
[Site "Thessaloniki"]
[Date "2017.02.27"]
[Round "7"]
[White "Papakonstantinou, Dimitrios"]
[Black "Mantzakouras, Loukas"]
[Result "1-0"]
[WhiteElo "2214"]
[BlackElo "1844"]
[PlyCount "81"]
[EventDate "2017.02.23"]
[EventType "swiss"]
[EventRounds "7"]
[EventCountry "GRE"]
[SourceTitle "CBM 177 Extra"]
[Source "ChessBase"]
[SourceDate "2017.04.27"]
[SourceVersion "1"]
[SourceVersionDate "2017.04.27"]
[SourceQuality "1"]

1. d4 Nf6 2. c4 e6 3. Nc3 Bb4 4. e3 d5 5. Nge2 0-0 6. a3 Be7 7. cxd5 exd5 8. Ng3 c5 9. dxc5 Bxc5 10. Bd3 Nc6 11. 0-0 Ne5 12. b4 Bb6 13. Nce2 Bg4 14. h3 Bxe2 15. Nxe2 Qe7 16. Bb2 Rfd8 17. Nd4 Bxd4 18. Bxd4 Rac8 19. Bxa7 Rc3 20. Bb5 Nc4 21. Bc5 Qc7 22. a4 Ne4 23. Bd4 Ra3 24. Rxa3 Nxa3 25. Bd3 f6 26. Bxe4 dxe4 27. Qb3+ Nc4 28. Rc1 Rc8 29. Bc5 Qf7 30. Qxc4 Qxc4 31. Rxc4 b6 32. Rxe4 bxc5 33. Rc4 Ra8 34. bxc5 Kf7 35. c6 Ke7 36. c7 Kd7 37. c8Q+ Rxc8 38. Rxc8 Kxc8 39. Kh2 Kb7 40. Kg3 Ka6 41. Kf4 1-0

[Event "GRE-chT U16 9th"]
[Site "Thessaloniki"]
[Date "2016.12.18"]
[Round "6.1"]
[White "Mantzakouras, Loukas"]
[Black "Alexakis, Georgios"]
[Result "0-1"]
[WhiteElo "1831"]
[BlackElo "2061"]
[PlyCount "110"]
[EventDate "2016.12.15"]
[EventType "team-swiss"]
[EventRounds "6"]
[EventCountry "GRE"]
[SourceTitle "CBM 176 Extra"]
[Source "ChessBase"]
[SourceDate "2017.03.02"]
[SourceVersion "1"]
[SourceVersionDate "2017.03.02"]
[SourceQuality "1"]
[WhiteTeam "Petropoulis Dias"]
[BlackTeam "Peiraikos"]
[WhiteTeamCountry "GRE"]
[BlackTeamCountry "GRE"]

1. e4 c5 2. Nf3 Nc6 3. Bb5 d6 4. 0-0 Bd7 5. Re1 Nf6 6. c3 a6 7. Bf1 Bg4 8. d4 cxd4 9. cxd4 e5 10. d5 Nd4 11. Nc3 Be7 12. Be3 Nxf3+ 13. gxf3 Bd7 14. f4 Ng4 15. fxe5 dxe5 16. Qf3 Nxe3 17. Rxe3 Bd6 18. Bh3 0-0 19. Ne2 g6 20. Bxd7 Qxd7 21. Qf6 Rac8 22. Ng3 Qe7 23. Qf3 Kh8 24. Qg4 f5 25. exf5 gxf5 26. Qh5 f4 27. Nf5 Rxf5 28. Qxf5 Rg8+ 29. Rg3 fxg3 30. hxg3 Rf8 31. Qe4 Qf6 32. Qe3 Bc7 33. Rf1 Bb6 34. Qe2 Bd4 35. Kg2 Qd6 36. Qe4 Qg6 37. Qxg6 hxg6 38. f4 exf4 39. gxf4 Rf5 40. Kf3 Rxd5 41. Ke4 Rd8 42. b3 Bf6 43. Rc1 Rd7 44. Rc4 Kg7 45. a4 Kf7 46. b4 Ke6 47. b5 a5 48. Rc8 Bd4 49. Rc4 Bf2 50. Rc8 b6 51. Rg8 Kf6 52. Rb8 Bc5 53. Rc8 Rd4+ 54. Kf3 Rxa4 55. Kg4 Rd4 0-1

[Event "Petroupoli-ch"]
[Site "Petropouli"]
[Date "2014.01.25"]
[Round "1"]
[White "Kiousis, Stavros St"]
[Black "Mantzakouras, Loukas"]
[Result "0-1"]
[WhiteElo "1005"]
[BlackElo "1370"]
[PlyCount "66"]
[EventDate "2014.01.25"]
[EventType "swiss"]
[EventRounds "7"]
[EventCountry "GRE"]
[SourceTitle "EXT 2015"]
[Source "ChessBase"]
[SourceDate "2014.11.20"]
[SourceVersion "1"]
[SourceVersionDate "2014.11.20"]
[SourceQuality "1"]

1. e4 d5 2. d3 dxe4 3. dxe4 Qxd1+ 4. Kxd1 Nf6 5. Nd2 b6 6. Bb5+ Bd7 7. Bxd7+ Nbxd7 8. Ne2 Ng4 9. Ke1 e6 10. h3 Ngf6 11. b3 Bb4 12. a3 Bxd2+ 13. Bxd2 Nxe4 14. f3 Nxd2 15. Kxd2 0-0-0 16. Ke1 Ne5 17. Rd1 Rxd1+ 18. Kxd1 Rd8+ 19. Kc1 c5 20. Rd1 Rxd1+ 21. Kxd1 Kd7 22. Nf4 Ng6 23. Nxg6 hxg6 24. Kd2 Kd6 25. Kd3 Kd5 26. c4+ Ke5 27. Ke3 a5 28. g3 g5 29. f4+ gxf4+ 30. gxf4+ Kf5 31. Kf3 e5 32. fxe5 Kxe5 33. h4 Kd4 0-1

[Event "Petroupoli op"]
[Site "Petroupoli"]
[Date "2012.01.25"]
[Round "4"]
[White "Mantzakouras, Loukas"]
[Black "Xenaki, Despoina"]
[Result "1-0"]
[WhiteElo "1312"]
[BlackElo "1263"]
[PlyCount "61"]
[EventDate "2012.01.14"]
[EventType "swiss"]
[EventRounds "7"]
[EventCountry "GRE"]
[SourceTitle "EXT 2013"]
[Source "ChessBase"]
[SourceDate "2012.11.22"]
[SourceVersion "1"]
[SourceVersionDate "2012.11.22"]
[SourceQuality "1"]

1. e4 e5 2. Nf3 Nf6 3. Nxe5 d6 4. Nf3 Nxe4 5. Qe2 Bf5 6. d3 Qe7 7. dxe4 Bxe4 8. Nd4 Nc6 9. Nb5 0-0-0 10. N1c3 d5 11. Nxe4 dxe4 12. Nc3 Nd4 13. Bg5 f6 14. Qg4+ Rd7 15. Rd1 Kb8 16. Be3 Nxc2+ 17. Ke2 Rxd1 18. Kxd1 Nxe3+ 19. fxe3 Qd6+ 20. Kc2 Be7 21. Qxe4 Rd8 22. Bd3 g6 23. Rd1 Qxh2 24. Qxe7 Qd6 25. Qxh7 Qf8 26. Bxg6 Rxd1 27. Kxd1 Qd6+ 28. Kc2 b6 29. Be4 a5 30. Qg8+ Ka7 31. Qa8# 1-0

[Event "Petroupoli op 6th"]
[Site "Petroupoli"]
[Date "2011.10.22"]
[Round "3"]
[White "Mantzakouras, Loukas"]
[Black "Xenaki, Despoina"]
[Result "1-0"]
[WhiteElo "1015"]
[BlackElo "1005"]
[PlyCount "55"]
[EventDate "2011.10.15"]
[EventType "swiss"]
[EventRounds "7"]
[EventCountry "GRE"]
[SourceTitle "EXT 2013"]
[Source "ChessBase"]
[SourceDate "2012.11.22"]
[SourceVersion "1"]
[SourceVersionDate "2012.11.22"]
[SourceQuality "1"]

1. e4 e5 2. d4 Nc6 3. Nf3 d6 4. Bc4 Be6 5. d5 Na5 6. dxe6 Nxc4 7. exf7+ Kxf7 8. Qd5+ Ke8 9. Qxc4 Be7 10. Nc3 c6 11. Be3 h6 12. 0-0-0 Nf6 13. Nxe5 Rf8 14. Ng6 Rf7 15. Qe6 Qc7 16. Bf4 Rd8 17. Bxd6 Rxd6 18. Rxd6 Qxd6 19. Qxd6 Bxd6 20. e5 Bc5 21. exf6 Rxf6 22. Nh4 Bxf2 23. Nf3 Be3+ 24. Kd1 Rd6+ 25. Ke2 Re6 26. Kd3 g5 27. Re1 Rd6+ 28. Kxe3 1-0